000 00690nam a22001577a 4500
008 110118t xxu||||| |||| 00| 0 eng d
020 _a9773313387
082 _a210
_bب د ا
100 _922046
_aدياب ، مصطفى
245 _aالبداية لمن سلك طريق الهداية /
_cقدم له سعيد عبد ابلعظيم ، ياسر برهامي؛ جمع وترتيب مصطفى دياب
260 _aالاسكندرية :
_bدار الايمان، 2004
_c2004
300 _a433 ص ؛
_c24 سم
650 _915692
_aالإسلام
942 _2ddc
_cBB
999 _c14910
_d14910